|
|
|
แสดงรายละเอียดบรรณานุกรม |
|
|
Brief Record
: Get Marc (ISO 2709)
: E-mail record
: |
|
|
| LEADER 00000nam 2200000uu 4500 | |||
| 001 13399128822 | |||
| 003 BCNR | |||
| 008 260526s2568||||th 000 0 tha d | |||
| 020 ^a9786166291575 | |||
| 041 ^atha | |||
| 060 4 ^aWT155^bฐ299ผ 2568 | |||
| 100 0 ^aฐานุพงศ์ ศุภเลิศวรวิชญ์ | |||
| 245 00 ^aผู้ดูแลผู้สูงอายุโรคอัลไซเมอร์ =^bCaregivers for alzheimer's /^cฐานุพงศ์ ศุภเลิศวรวิชญ์ | |||
| 246 31 ^aCaregivers for alzheimer's | |||
| 250 ^aพิมพ์ครั้งที่ 1 | |||
| 260 ^aกรุงเทพฯ :^bAAA service,^c2568 | |||
| 300 ^a183 หน้า :^bตาราง ;^c26 ซม. | |||
| 505 0 ^aบทที่ 1 ความรู้ทั่วไปเกี่ยวกับโรคอัลไซเมอร์ -- บทที่ 2 กฎหมาย พรบ. ที่เกี่ยวข้องและจริยธรรมของผู้ดูแลผู้สูงอายุ -- บทที่ 3 การบริหารยา การจัดเตรียมอาหาร -- บทที่ 4 การจัดการสิ่งแวดล้อมและความปลอดภัย รวมถึงการช่วยเหลือในกรณีเกิดภาวะฉุกเฉินและการติดต่อประสานงาน -- บทที่ 5 วิธีการรับมือกับผู้สูงอายุที่มีการเปลี่ยนแปลงทางด้านอารมณ์ การรับรู้และการสื่อสาร -- บทที่ 6 การจัดกิจกรรมสันทนาการ และการออกกำลังกายที่เหมาะสมและความปลอดภัย -- บทที่ 7 การฝึกภาคปฏิบัติการดูแลผู้สูงอายุโรคอัลไซเมอร์ | |||
| 650 4 ^aโรคอัลไซเมอร์ | |||
| 650 4 ^aโรคจิตเสื่อมวัยชรา | |||
| 650 4 ^aโรคอัลไซเมอร์^xการดูแล | |||
| 999 ^aบรรณารักษ์ | |||
| คุณยังไม่ได้ล็อกอิน คุณสามารถมีกิจกรรมร่วมกับเว็บไซต์ได้ แต่ต้องล็อกอินก่อน :: |
|
| สถานะ | |||||||||
| 1. | หนังสือ | WT155 ฐ299ผ 2568 c.1 Barcode: 088047 | ►หนังสือทั่วไป | On Shelf | |||||
| 2. | หนังสือ | WT155 ฐ299ผ 2568 c.2 Barcode: 088048 | ►หนังสือทั่วไป | On Shelf | |||||
| 3. | หนังสือ | WT155 ฐ299ผ 2568 c.3 Barcode: 088049 | ►หนังสือทั่วไป | On Shelf | |||||
| 4. | หนังสือ | WT155 ฐ299ผ 2568 c.4 Barcode: 088050 | ►หนังสือทั่วไป | On Shelf | |||||
| 5. | หนังสือ | WT155 ฐ299ผ 2568 c.5 Barcode: 088051 | ►หนังสือทั่วไป | On Shelf | |||||
| [แสดง 5/5 รายการ] | |||||||||
BibComment |
| คอมเมนท์ทรัพยากรรายการนี้ |
|
|